LEADER 00761nam0-22002891i-450- 001 990006467440403321 005 20001010 035 $a000646744 035 $aFED01000646744 035 $a(Aleph)000646744FED01 035 $a000646744 100 $a20001010d--------km-y0itay50------ba 101 0 $aita 105 $ay-------001yy 200 1 $aDiritto costituzionale somalo$fRenato Angeloni 210 $aMilano$cGiuffrč$d1964. 215 $aXII, 334 p.$d22 cm 676 $a342.67 700 1$aAngeloni,$bRenato$0226126 801 0$aIT$bUNINA$gRICA$2UNIMARC 901 $aBK 912 $a990006467440403321 952 $aXIV E 2000$b20537$fFSPBC 959 $aFSPBC 996 $aDiritto costituzionale Somalo$9575795 997 $aUNINA DB $aGEN01 LEADER 01726nam 2200397 n 450 001 996392450303316 005 20200824121015.0 035 $a(CKB)4940000000103906 035 $a(EEBO)2248524336 035 $a(UnM)99848885e 035 $a(UnM)99848885 035 $a(EXLCZ)994940000000103906 100 $a19920121d1581 uy | 101 0 $aeng 135 $aurbn||||a|bb| 200 14$aThe testamentes of the twel[ue] patriarches$b[electronic resource] $ethe sonnes of Iacob: tra[n]slated out of the Greeke into Latine by Rober[t] Grosthed, sometime Bishop of Lincolne, and out of hys copy into French and Dutch by others: Now Englished by A. G. To the credit whereof an auncient Greeke copye written in parchment, is kept in the Vniversity Library of Cambridge 210 $aAt London $cPrinted by Iohn Daye [and J. Kingston], dwelling ouer Aldersgate$d1581 215 $a[5], 77, [2] leaves $cill 300 $aTranslation sometimes attributed to Anthony Gilby or to Arthur Golding. 300 $aAdditonal printer's name from STC. 300 $aAt foot of title: Cum priuilegio regić maiestatis. 300 $aKingston printed quires C-K--STC. 300 $aImperfect; title page and margins cropped with loss of print; leaf 7 lacking. 300 $aReproduction of the original in the Bodleian Library. 330 $aeebo-0014 701 $aGrosseteste$b Robert$f1175?-1253.$0184379 702 $aGilby$b Anthony$fca. 1510-1585, 702 $aGolding$b Arthur$f1536-1606, 801 0$bCu-RivES 801 1$bCu-RivES 801 2$bCStRLIN 801 2$bWaOLN 906 $aBOOK 912 $a996392450303316 996 $aThe testamentes of the twel patriarches$92360098 997 $aUNISA LEADER 01320nam a2200385 i 4500 001 991001378339707536 005 20020507192407.0 008 940525s1984 us ||| | eng 020 $a027308593X 035 $ab1083929x-39ule_inst 035 $aLE01311370$9ExL 040 $aDip.to Matematica$beng 082 0 $a519.2 084 $aAMS 60H 084 $aAMS 60H05 084 $aAMS 60H10 084 $aAMS 60H99 084 $aAMS 60J25 084 $aAMS 60J60 084 $aQA274.23 100 1 $aMohammed, S. E. A.$0441781 245 10$aStochastic functional differential equations /$cS.-E. A. Mohammed 260 $aBoston :$bPitman Advanced Publ. Program,$c1984 300 $avi, 245 p. :$bill. ;$c25 cm. 490 0 $aPitman research notes in mathematics series, ISSN 02693674 ;$v99 500 $aBibliography: p. 234-239. 500 $aIncludes index 650 4$aFunctional differential equations 650 4$aStochastic differential equations 907 $a.b1083929x$b23-02-17$c28-06-02 912 $a991001378339707536 945 $aLE013 60H MOH11 (1984)$g1$i2013000120591$lle013$o-$pE0.00$q-$rl$s- $t0$u1$v0$w1$x0$y.i10949100$z28-06-02 996 $aStochastic functional differential equations$983261 997 $aUNISALENTO 998 $ale013$b01-01-94$cm$da $e-$feng$gus $h0$i1